Η ανισότητα των φύλων στην ελληνική κοινωνία με έμφαση στον εργασιακό τομέα : πολιτικές και δομές στήριξης της ισότητας στην Ελλάδα
Αποθηκεύτηκε σε:
| Κύριος συγγραφέας: | |
|---|---|
| Συγγραφή απο Οργανισμό/Αρχή: | |
| Άλλοι συγγραφείς: | |
| Μορφή: | Thesis Βιβλίο |
| Γλώσσα: | Greek |
| Δημοσίευση: |
2009
|
| Θέματα: | |
| Διαθέσιμο Online: | http://hdl.handle.net/11610/11896 |
| Ετικέτες: |
Προσθήκη ετικέτας
Δεν υπάρχουν, Καταχωρήστε ετικέτα πρώτοι!
|
MARC
| LEADER | 00000cam a2200000 i 4500 | ||
|---|---|---|---|
| 001 | 1/6637 | ||
| 008 | 100419s2009 gre d | ||
| 035 | |l 10107581 | ||
| 040 | |a GR-MY-UA |b gre |e aacr | ||
| 041 | 0 | |a gre | |
| 082 | 0 | |a 306.3 |2 (22) | |
| 100 | 1 | |a Λάμπρου, Μαριάνθη. | |
| 245 | 1 | 2 | |a Η ανισότητα των φύλων στην ελληνική κοινωνία με έμφαση στον εργασιακό τομέα : |b πολιτικές και δομές στήριξης της ισότητας στην Ελλάδα / |c Λάμπρου Μαριάνθη ; επιβλέπων καθηγητής: Τσομπάνογλου Γεώργιος |
| 260 | |c 2009 | ||
| 300 | |a 210 σ.; |c 30 εκ. | ||
| 500 | |a Βιβλιογραφία: σ. 194-210 | ||
| 502 | |a Διατριβή (μεταπτυχιακή) – Πανεπιστήμιο Αιγαίου, Λέσβος, 2009. | ||
| 650 | 0 | 0 | |a Sex discrimination |z Greece. |
| 650 | 0 | 0 | |a Sex discrimination against women |z Greece. |
| 650 | 0 | 0 | |a Women |x Employment |z Greece. |
| 650 | 0 | 0 | |a Sex discrimination in employment |z Greece. |
| 650 | 0 | 0 | |a Sex discrimination in employment |x Law and legislation |z Greece. |
| 650 | 0 | 0 | |a Dissertations, Academic |z Greece. |
| 700 | 1 | |4 ths |a Τσομπάνογλου, Γεώργιος Οδ. | |
| 710 | 2 | |a Πανεπιστήμιο Αιγαίου |b Σχολή Κοινωνικών Επιστημών |b Τμήμα Κοινωνιολογίας |b Μεταπτυχιακό Πρόγραμμα Σπουδών Έρευνα Εφαρμοσμένη στην Ανάπτυξη Καινοτόμων Τοπικών και Περιφερειακών Πολιτικών και την Κοινωνική Συνοχή. | |
| 852 | |a INST |b LESVOS |c DIATR |e 20100419 |h 95 |p 005100046202 |q 005100046202 |t MTXE |y 23 | ||
| 852 | |a INST |b LESVOS |c DIATR |e 20100419 |h 96 |p 005100046201 |q 005100046201 |t MTXE |y 23 | ||
| 856 | |u http://hdl.handle.net/11610/11896 | ||
| 901 | |a BIBL1-2010-1 | ||
| 909 | |a Λ |b 162848 | ||
| 909 | |a Λ |b 162849 | ||
| 924 | |a ΛΑΜΠΡΟΥ |b ΜΑΡΙΑΝΘΗ |y ΛΕΣΒΟΣ |z 2009-04 | ||
| 970 | |a ΤΖΑΦΕΡΗ |b ΕΥΑΓΓΕΛΙΑ |z 2010/04/19 | ||